000 00627nam a22002297i 4500
003 URS
005 20220117120440.0
008 180525b xxu||||| |||| 00| 0 eng d
050 _aQL47
_b.D87 1988
050 _b.D87 1988
100 _aDuran, Aurea P.
245 _aLecture notes on general zoology /
_cAurea P. Duran.--
264 1 _aQuezon City:
_bA.P. Duran Enterprises.,
_c1988.
300 _a154 pages :
_c25 cm
300 _billustrations ;
300 _c25 cm
336 _atext
_btxt
_2rdacontent
337 _aunmediated
_bn
_2rdamedia
338 _avolume
_bnc
_2rdacarrier
650 _aZoology.
942 _2lcc
_cF
999 _c4661
_d4661